00374nam a2200145Ia 4500003000400000005001700004008004100021040000900062082001500071100002100086245005200107260004100159300000800200650002000208OSt20200915120143.0190216s9999||||xx |||||||||||||| ||und|| coclc a297bKAM/P aKamaluddeen, K P 0aPanthrandu Prathibha Salikal /cK P Kamaluddeen bAl-Huda Book Stall,c2000.aCalicut: a58p xIslamic History